| 000 | 00000nas##2200000za#4500 |
| 001 | 9.503292 |
| 003 | CaOODSP |
| 005 | 20200331214152 |
| 007 | cr ||||||||||| |
| 008 | 150406c1994||||xxc|| m o||||f| |0fre|d |
| 040 | |aCaOODSP|bfre |
| 043 | |an-cn--- |
| 086 | 1 |aSC94-47F-PDF |
| 110 | 1 |aCanada.|bCentre canadien de gestion. |
| 245 | 10|aRapport du CCG |h[ressource électronique] |
| 260 | |aOttawa - Ontario : |bCentre canadien de gestion |c1994-. |
| 310 | |aIrrégulier |
| 362 | 1 |aNº 1 - |
| 500 | |a«Ces rapports feront état du point de vue du CCG sur les thèmes ou les enjeux actuels en matière de gestion et offriront des conseils pratiques aux gestionnaires.»--Préface, Nº 1. |
| 520 | 3 |a«Ces rapports feront état du point de vue du CCG sur les thèmes ou les enjeux actuels en matière de gestion et offriront des conseils pratiques aux gestionnaires.»--Préface, Nº1. |
| 691 | 07|aApprentissage|2gcpds |
| 691 | 07|aGestion|2gcpds |
| 775 | 08|tCCMD report |w(CaOODSP)9.506895 |
| 776 | 0#|tRapport du CCG |w(CaOODSP)9.509631 |
| 776 | 0#|tCCMD report |w(CaOODSP)9.509630 |